Inherentná bezpečnosť a jej vplyv na zvyšovanie úrovne bezpečnosti = Inherent safety and its impact on safety improvement : Diplomová práca

Guardado en:
Detalles Bibliográficos
Autor principal: Kuševová, Tatiana (Autor)
Otros Autores: Kuracina, Richard, 1979- (xxx)
Formato: Manuscrito Libro
Lenguaje:eslovaco
Publicado: Trnava : STU v Bratislave MTF UBEI, 2009
Materias:
Etiquetas: Agregar Etiqueta
Sin Etiquetas, Sea el primero en etiquetar este registro!

MARC

LEADER 00000ntm a22000003a 4500
001 stu191754
005 20160719155947.5
008 091007s2009----xo------------------slo-d
040 |a STU  |b slo 
041 0 |a slo 
044 |a xo 
100 1 |a Kuševová, Tatiana  |4 aut 
245 1 |a Inherentná bezpečnosť a jej vplyv na zvyšovanie úrovne bezpečnosti = Inherent safety and its impact on safety improvement :  |b Diplomová práca 
260 |a Trnava :  |b STU v Bratislave MTF UBEI,  |c 2009 
300 |a 58 s  |c 1 CD-ROM 
500 |a Študijný program: environmentálne a bezpečnostné inžinierstvo 
500 |a Kombinácia študijných odborov: 4.3.2 environmentálne inžinierstvo, 8.3.5 bezpečnosť a ochrana zdravia pri práci 
650 7 |a riadenie rizík  |2 stusub 
650 7 |a inherentná bezpečnosť  |2 stusub 
700 1 |a Kuracina, Richard,  |d 1979-  |4 xxx  |u M5000  |U MTF Materiálovotechnologická fakulta  |T MTF Ústav bezpečnosti, environmentu a kvality  |X 38282  |U M5000  |Y 85  |7 A000038282 
996 |b 284M071069  |c M*DP-8330  |l MMSKP  |s P  |a 0  |w stu191754_0001